<?xml version="1.0" encoding="UTF-8"?><?xml-stylesheet type="text/xsl" href="static/style.xsl"?><OAI-PMH xmlns="http://www.openarchives.org/OAI/2.0/" xmlns:xsi="http://www.w3.org/2001/XMLSchema-instance" xsi:schemaLocation="http://www.openarchives.org/OAI/2.0/ http://www.openarchives.org/OAI/2.0/OAI-PMH.xsd"><responseDate>2026-04-13T02:37:53Z</responseDate><request verb="GetRecord" identifier="oai:www.recercat.cat:10256/28214" metadataPrefix="marc">https://recercat.cat/oai/request</request><GetRecord><record><header><identifier>oai:recercat.cat:10256/28214</identifier><datestamp>2026-02-03T14:37:52Z</datestamp><setSpec>com_2072_452955</setSpec><setSpec>com_2072_2054</setSpec><setSpec>col_2072_453066</setSpec></header><metadata><record xmlns="http://www.loc.gov/MARC21/slim" xmlns:dcterms="http://purl.org/dc/terms/" xmlns:xsi="http://www.w3.org/2001/XMLSchema-instance" xmlns:doc="http://www.lyncode.com/xoai" xsi:schemaLocation="http://www.loc.gov/MARC21/slim http://www.loc.gov/standards/marcxml/schema/MARC21slim.xsd">
   <leader>00925njm 22002777a 4500</leader>
   <datafield ind2=" " ind1=" " tag="042">
      <subfield code="a">dc</subfield>
   </datafield>
   <datafield ind2=" " ind1=" " tag="720">
      <subfield code="a">Saladié, Sergi</subfield>
      <subfield code="e">author</subfield>
   </datafield>
   <datafield ind2=" " ind1=" " tag="720">
      <subfield code="a">Pintó i Fusalba, Josep</subfield>
      <subfield code="e">author</subfield>
   </datafield>
   <datafield ind2=" " ind1=" " tag="260">
      <subfield code="c">2009-07-02</subfield>
   </datafield>
   <datafield ind2=" " ind1=" " tag="520">
      <subfield code="a">Identificar,  descriure  i  cartografiar  els  valors  paisatgístics  d’un  determinat  àmbit  territorial, atenent  a  la  riquesa  i  diversitat  de  paisatges  que  el  conformen,  respon  a  la  necessitat imperant d’identificar-los i de deixar-ne constància, a la vegada que permeten establir, posteriorment, diversos nivells de protecció, gestió i/o ordenació. El valors del paisatge,  tractats  des  de  diferents  dimensions,  es  poden  agrupar  en  set  grans  tipus  i  diversos subtipus. La  identificació  dels  valors  del  paisatge  es  realitza  a  través  de  diverses  tècniques,  que  van des del coneixement de l’opinió de la societat fins a l’exploració del llegat artístic i literari  del  territori,  passant  per  l’anàlisi  de  la  cartografia  de  referència  existent  o  el  treball  de  camp.  La  representació  cartogràfica  dels  valors  del  paisatge  es  pot  tractar  a  diversos  nivells  i  escales,  i  permet  representar  les  diverses  subcategories  de  cada  principal  tipus  de  valor.  En  aquesta  comunicació  es  presenta  el  procés  i  els  principals  resultats d’identificació i la cartografia dels valors paisatgístics del Camp de Tarragona, així com l’explicació de la metodologia emprada</subfield>
   </datafield>
   <datafield ind1="8" ind2=" " tag="024">
      <subfield code="a">http://hdl.handle.net/10256/28214</subfield>
   </datafield>
   <datafield tag="653" ind2=" " ind1=" ">
      <subfield code="a">Paisatge -- Catalunya -- Camp de Tarragona</subfield>
   </datafield>
   <datafield tag="653" ind2=" " ind1=" ">
      <subfield code="a">Landscape -- Catalonia -- Camp de Tarragona</subfield>
   </datafield>
   <datafield ind2="0" ind1="0" tag="245">
      <subfield code="a">Identificació i cartografia dels valors paisatgístics del Camp de Tarragona</subfield>
   </datafield>
</record></metadata></record></GetRecord></OAI-PMH>